Дело об определении отставного унтер-офицера Василия Тельных к домам: Баурскому и Прачечному вахтером

Доступно только в Электронных читальных залах Найти на картеНа карте
RUSMARC
00003681nmc2a22002413x 450
00102c35f46-2d80-4048-9c9b-9091f942342b
00520240329213024.0
100##$a20231123l18501851k l0rusy0189 ca
1010#$arus
102##$aRU
105##$ay###
1222#$ad
2001#$aДело об определении отставного унтер-офицера Василия Тельных к домам: Баурскому и Прачечному вахтером
$j6 апреля 1850 г. - 19 февраля 1851 г.
215##$a12 л.
$d36,5х26 см
251##$cДело
300##$aНа обложке имеются карандашные пометы
371##$aДокумент не является опубликованным и широко распространяемым
461#0$1001625a9a7e-a890-4307-a7fe-826a2289a412
$12001
$aГоф-интендантская контора МИДв
$1251
$cФонд
$1852
$j470
462#0$100158295043-17e3-42e1-a51b-010a93a299f5
$12001
$aПо личному составу
$1251
$cОпись
$1852
$j4
$l538-1545
801#0$aRU
$bРГИА
$c20231123
$gRCR
801#1$aRU
$bГлавНИВЦ
$c20231123
$2rusmarc
801#2$aRU
$bПБ им. Б.Н. Ельцина
$c20240329
$gRCR
$2rusmarc
850##$aРГИА
852##$aРГИА
$eФедеральное казенное учреждение "Российский государственный исторический архив" (РГИА)
$j481
937##$hРГИА
$d12408409
$aASBIBLIO_SCAN
035##$aRusGRCC00070931
856##$uhttp://readingroom.main.prlib.ru/item.aspx?id_node=n191652925&mode=full
Формат отображения